000 00699nam a2200205 4500
001 143949
003 ES-MaACL
005 20230906200919.0
007 t|
008 070214s1906 xxk r ||||1| eng d
100 1 _aShaw, Bernard.
_9106025
245 1 0 _aThree plays for puritans /
_cBernard Shaw.
260 _aLondon :
_bArchibald Constable and Co.,
_c1906 (
_eEdinburgh :
_fR. R. Clark)
300 _aXXXVII, 303 p., 1 lám.
500 _aContiene: The Devils's disciple ------ Caesar and Cleopatra ----- Captain Brassbound's conversion.
740 0 _aThe Devils's disciple.
740 0 _aCaesar and Cleopatra.
740 0 _aCaptain Brassbound's conversion.
852 _aES-MaACL
_jG-10340
999 _c143949
_d143949